Jak dobrze znasz 2 wojnę światową (dla geomexa) - Statystyki

Ogólne statystyki
  • Ten quiz został rozwiązany 1 992 razy
    1 949 od ostatniego zresetowania
  • Średni wynik to 8 z 11
Statystyki odpowiedzi
Pytanie
Odpowiedz % Poprawnych
Kiedy Skończyła się 2 wojna światowa ? /rok/ 1945
99%
Skrót Związek Socjalistycznych Republik Radzieckich ZSRR
94%
w którym roku III Rzesza ruszyła na ZSRR /rok/ 1941
93%
Skrót Niemiecka Repubilka Demokratyczna NRD
92%
Skrót Polska Rzeczpospolita Ludowa PRL
92%
o której godzinie odziały niemieckie wkroczyły na teren polski /godzina/ 4:45
86%
Kiedy odziały radzieckie wkroczyły na teren Polski /dzień września/ 17
80%
Skąd Polska została zaatakowana od Strony III Rzeszy/Morze/ Bałtyckie
51%
Gdzie II Rzesza zatrzymała się w Rosji /Miejscowość/ Stalingrad
45%
ile żołnierzy udało się stworzyć III Rzeszy /Milionów/ 11 M
44%
Jak Nazywała się organizacja w której była polska przed Nato/ Nazwa po angielsku Warsaw Pact
23%
Nie znaleziono quizów pasujących do podanych kryteriów
Rozkład punktacji
Procent ludzi z każdym wynikiem
Percentyl według liczby udzielonych odpowiedzi
Twoja historia wyników
Nie rozwiązałeś tego quizu od ostatniego zresetowania